Enneagram : devět tváří duše /

Hlavní autor: Rohr, Richard, 1943-
Další autoři: Ebert, Andreas, 1952-
Jazyk: Čeština
Vydáno: Praha : Synergie, c2001
Vydání: Vyd. 2.
Témata:
Fyzický popis: 265 s. : il. ; 21 cm
Knihy
Uloženo v:
LEADER 01341nam a2200385 a 4500
001 000587252
003 CZ BrMZK
005 20090304094211.0
008 020214s2001 xr e f cze d
015 |a cnb001174463 
020 |a 80-86099-55-5 
035 |a (OCoLC)85125539 
040 |a BOA001  |b cze 
041 1 |a cze  |h ger 
072 7 |a 159.92  |x Vývojová psychologie. Individuální psychologie  |2 Konspekt  |9 17 
080 |a 159.923:133  |2 MRF 
080 |a 159.923  |2 MRF 
080 |a 165.242.1  |2 MRF 
080 |a 316.472.4  |2 MRF 
080 |a (0.062)  |2 MRF 
100 1 |a Rohr, Richard,  |d 1943-  |7 xx0004128  |4 aut 
245 1 0 |a Enneagram :  |b devět tváří duše /  |c Richard Rohr, Andreas Ebert 
250 |a Vyd. 2. 
260 |a Praha :  |b Synergie,  |c c2001 
300 |a 265 s. :  |b il. ;  |c 21 cm 
650 0 7 |a eneagram  |7 ph137788  |2 czenas 
650 0 7 |a typologie osobnosti  |7 ph116512  |2 czenas 
650 0 7 |a sebepoznání  |7 ph116116  |2 czenas 
650 0 7 |a interpersonální vztahy  |7 ph114786  |2 czenas 
655 7 |a populárně-naučné publikace  |7 fd131864  |2 czenas 
700 1 |a Ebert, Andreas,  |d 1952-  |7 kup20030000024232  |4 aut 
765 0 |t <<Das >>Enneagramm: die 9 Gesichter der Seele 
910 |a BOA001  |b Z-1098.534 
990 |a BK 
996 6 |b 2610153767  |c Z-1098.534  |l MZK  |r Sklad / do 24 hodin  |n 27  |p p.v.  |w 000587252  |u 000010  |a 1  |e BOA001  |j MZK50  |s P